| 000 | 01958nam0a2200385 4500 | ||
|---|---|---|---|
| 001 | RU\NLR\bibl\1508844 | ||
| 005 | 20250616022729.0 | ||
| 010 | _a978-5-9901650-6-9 | ||
| 021 |
_aRU _b2010-25251 _91698 |
||
| 035 | _a(nilc)RSL-KNO-004626692 | ||
| 035 | _a(NLR Aleph) 001500250 | ||
| 090 |
_a1793934 _c1793934 |
||
| 100 | _a20100407d2010 |||y0rusy50 ca | ||
| 101 | 0 | _arus | |
| 102 | _aRU | ||
| 105 | _ay zzzz||||| | ||
| 200 | 1 |
_aСправочник по выявлению и оказанию помощи несовершеннолетним, пострадавшим от жестокого обращения и пренебрежения их нуждами _f[Кузьмина З. Г. _gред. Йорик Р.В.] |
|
| 210 |
_aСанкт-Петербург _cВрачи детям _d2010 |
||
| 215 |
_a92 с. _d22 |
||
| 300 | _aНа обороте тит. л.: Кузьмина З.Г. - психолог, координатор проекта "Врачи детям" | ||
| 320 | _aБиблиогр.: с. 37 | ||
| 606 | 1 |
_aНасилие над детьми _jСправочники _xБорьба с ним _yРоссийская Федерация _92614894 _3RU\NLR\auth\661551452 |
|
| 610 | 0 | _aГосударство и право. Юридические науки -- Семейное право -- Российская Федерация -- Родство по семейному праву -- Права и обязанности родителей и детей -- Справочник | |
| 686 |
_aХ624.42я2 _2rubbk |
||
| 686 | _aС550.325.2я2 | ||
| 686 | _aХ628.101.405я2 | ||
| 686 | _aС550.8я2 | ||
| 702 | 1 |
_aКузьмина _bЗ. Г. _gЗинаида Геннадиевна _4220 |
|
| 702 | 1 |
_aЙорик _bР. В. _gРоман Владимирович _4340 |
|
| 801 | 0 |
_aRU _bРГБ _c20100407 _grcr |
|
| 801 | 1 |
_aRU _bРГБ _c20100407 |
|
| 801 | 2 |
_aRU _bNLR _c20100507 _grcr |
|
| 942 | _cBOOK | ||
| 980 | _aNB | ||